AEW All Out 2023 Card - Statistics

General Stats
  • This quiz has been taken 29 times
  • The average score is 30 of 43
Answer Stats
Answer % Correct
Adam Cole
100%
Matt Jackson
100%
MJF
100%
Nick Jackson
100%
Bryan Danielson
96%
Cash Wheeler
96%
Dax Harwood
96%
Orange Cassidy
96%
Kenny Omega
91%
Billy Gunn
87%
Jon Moxley
87%
Ricky Starks
87%
Adam Page
83%
Darby Allin
83%
Kris Statlander
83%
Luchasaurus
83%
Samoa Joe
83%
Anthony Bowens
78%
Juice Robinson
78%
Max Caster
78%
Wheeler Yuta
78%
Austin Gunn
74%
Claudio Castagnoli
74%
Colten Gunn
74%
Konosuke Takeshita
74%
Jay White
70%
Miro
70%
Powerhouse Hobbs
65%
Alex Reynolds
57%
John Silver
57%
Willow Nightingale
57%
Ruby Soho
52%
Shane Taylor
52%
Eddie Kingston
48%
Athena
39%
Hikaru Shida
39%
Skye Blue
35%
Jay Lethal
30%
Jeff Jarrett
30%
Satnam Singh
30%
Katsuyori Shibata
26%
Mercedes Martinez
26%
Diamante
17%
No matching quizzes found
Score Distribution
Percent of People with Each Score
Percentile by Number Answered
Your Score History
You have not taken this quiz